| 000 | 00959nam a2200205Ii 4500 | ||
|---|---|---|---|
| 003 | JO-AjNU | ||
| 008 | 230605s9999||||xx |||||||||||||| ||und|| | ||
| 040 |
_aJO-AjNU _bara _erda _cJO-AjNU |
||
| 041 | _aara | ||
| 050 | 1 | 4 | _aLC3993.3.W5612 2006 |
| 100 | 3 |
_aواينبرنر،سوزان مؤلف/الشخص،عبدالعزيز السيد م.مشارك/السرطاوي،زيد أحمد م.مشارك/الراميني،فواز فتح الله مراجع, _eauthor _923266 |
|
| 245 | 0 | 0 | _aتربية الأطفال:المتفوقين والموهوبين في المدارس العادية،إستراتيجيات ونماذج تطبيقية |
| 250 | _aط1 | ||
| 264 | 3 | 1 | _aالعين:دار الكتاب الجامعي،2006 |
| 300 | _a317ص | ||
| 336 |
_atext _btxt _2rdacontent |
||
| 337 |
_aunmediated _bn _2rdamedia |
||
| 338 |
_avolume _bnc _2rdacarrier |
||
| 650 | 4 |
_aالأطفال الموهوبون-تعليم. الموهوبون-تعليم _923267 |
|
| 999 |
_aA8389 _c11957 _d11957 |
||